Snowfall characters - Statistics

General Stats
  • This quiz has been taken 594 times
  • The average score is 12 of 16
Answer Stats
Picture Answer % Correct
Franklin Saint
100%
Jerome Saint
94%
Leon Simmons
92%
Gustavo Zapato
81%
Louanne Saint
78%
Avi Drexler
74%
Drew Miller
74%
Melody Wright
67%
Cissy Saint
66%
Wanda Simmons
65%
Fatback
63%
Andre Wright
62%
Teddy Mcdonald
61%
Kevin Hamilton
59%
Lucia Villanueva
58%
Skully
57%
No matching quizzes found
Score Distribution
Percent of People with Each Score
Percentile by Number Answered
Your Score History
You have not taken this quiz